| 000 | 00440nam a2200205Ia 4500 | ||
|---|---|---|---|
| 003 | 0100 | ||
| 008 | 130303s9999 xx 000 0 und d | ||
| 020 | _a529045478 | ||
| 040 | _cARRUPELIB | ||
| 050 | _aPZ3.L96O8 | ||
| 100 | _aLudlum, Robert | ||
| 245 | 4 | _aThe Osterman weekend | |
| 260 | _aNew York | ||
| 260 | _bWorld Pub. | ||
| 260 | _C1972 | ||
| 300 | _a315p. | ||
| 300 | _b 24cm. | ||
| 700 | _aRobert Ludlum | ||
| 942 | 0 | 0 | _02 |
| 999 |
_c12911 _d12911 |
||